00423pab a2200145 454500008004000000100001900040245008500059260000900144300001300153362001400166650001800180650003500198650001000233773003400243180718b1998 xxu||||| |||| 00| 0 eng d aShajahan, K.M. aNon-performing assets of banks: have they really declined? and on whose account? c1998 ap.671-74 a21-27 Mar aBanks - India aFinancial institutions - India aBanks aEconomic and Political Weekly